00651nam a22002417a 4500003000200000005001700002008000200019010001300021020002200034035002300056037001600079040001500095082001600110100001500126245005100141246000600192260005100198270004400249300003400293500003300327650002200360650002700382020180804155501.00 aB-225248 c00a9780070636569 aB-225248, B-225249 bCen Lib/Ret aDPLbENc0 a005.75bHOT aHotka, Dan aOracle sql developer handbook /cby Dan Hotka  b  bTata McGraw Hill Publishing c2007aNew Delhi  bNew Delhia7, west patel nagar e110008 axxii, 237p.:c23cm(pbk)bill. aincludes appendix and index  aComputer Science  aProgramming Languages